00489nam a22001577a 4500003000500000005001700005008004100022010001000063011001000073035001000083040000900093100003500102245009200137500006700229650003500296CHAP20220329135617.0971013s r 00010 d a39277 a40249 a44374 cCHAP00aMondragón Sánchez, Javier. aVegetación del área de barrendo en la Noria de Guadalupe, Salinas San Luis Potosí aSobretiro de: Bosques y Fauna, 7 (2o. época) (2): 3-13. 197514aBotánicaxSan Luis Potosí.